Fail Meja : Pembantu Tadbir Kewangan Gred W17

Bibliographic Details
Format: Book
Published: 2004
Subjects:

MARC

LEADER 00000cam a2200000 7i4500
001 0000016829
005 20060720.0
040 |a INS 
090 0 0 |a FM14 
245 1 0 |a Fail Meja :   |b Pembantu Tadbir Kewangan Gred W17   |c Jabatan Penilaian Dan Perkhidmatan Harta Kementerian Kewangan Malaysia 
260 |a 2004 
300 |a 63 Ms :   |b ill ;   |c 29 cm. 
650 0 0 |a Civil service   |z Malaysia   |x Rules and practice 
650 0 0 |a Office practice in government   |z Malaysia 
999 |a FM00000027   |b BOOK   |c Course Notes   |e Default branch 
999 |a FM00000028   |b BOOK   |c Course Notes   |e Default branch